Гербовете на държавите в света - Statistics

General Stats
  • This quiz has been taken 29 times
  • The average score is 56 of 196
Answer Stats
Picture Answer % Correct
САЩ
82%
България
77%
Мадагаскар
77%
Австралия
73%
Италия
73%
Албания
73%
Нова Зеландия
68%
Южна Корея
68%
Косово
68%
Швейцария
68%
Турция
68%
Исландия
64%
Малта
64%
Виетнам
64%
Ливан
64%
Босна и Херцеговина
64%
Великобритания
59%
Камерун
59%
Мавритания
59%
Русия
55%
Унгария
55%
Палау
55%
Бразилия
55%
Нигер
55%
Комори
55%
Гърция
50%
Доминиканска република
50%
Китай
50%
Сингапур
50%
Ирак
50%
Сирия
50%
Филипини
50%
Франция
45%
Ирландия
45%
Буркина Фасо
45%
Непал
45%
Белгия
45%
Тунис
45%
Малдиви
45%
Германия
45%
Южен Судан
45%
Египет
45%
Аржентина
45%
Руанда
45%
Парагвай
45%
Хърватия
45%
Ватикана
41%
Испания
41%
Кения
41%
Австрия
41%
Уругвай
41%
Кирибати
41%
Казахстан
41%
Кабо Верде
41%
Словакия
41%
Коста Рика
41%
Кот д'Ивоар
36%
Грузия
36%
Тонга
36%
Израел
36%
Сан Марино
36%
ОАЕ
36%
Маршали
36%
Бруней
36%
Еритрея
36%
Мозамбик
36%
Словения
36%
Беларус
36%
Дания
32%
Кипър
32%
Узбекистан
32%
Мексико
32%
Полша
32%
Йемен
32%
Кувейт
32%
Иран
32%
Източен Тимор
32%
Либерия
32%
Самоа
32%
Мали
32%
Канада
27%
Нидерландия
27%
Япония
27%
Пакистан
27%
Азербайджан
27%
Перу
27%
Таджикистан
27%
Намибия
27%
Венецуела
27%
Танзания
27%
Сърбия
27%
Микронезия
27%
Салвадор
27%
Ангола
27%
Катар
27%
Норвегия
23%
Габон
23%
Туркменистан
23%
Саудитска Арабия
23%
Есватини
23%
Йордания
23%
Северна Македония
23%
Науру
23%
Конго
23%
Зимбабве
23%
Чехия
23%
Панама
23%
Тайван
23%
Северна Корея
23%
Белиз
23%
Хаити
23%
Никарагуа
23%
Афганистан
23%
Етиопия
23%
Тувалу
23%
Швеция
18%
Финландия
18%
Мианмар
18%
Бутан
18%
Папуа Нова Гвинея
18%
Алжир
18%
Оман
18%
Индия
18%
Чили
18%
Лаос
18%
Сомалия
18%
Бахрейн
18%
Киргизстан
18%
Украйна
18%
Бангладеш
14%
Малайзия
14%
Барбадос
14%
Индонезия
14%
Монако
14%
Судан
14%
Малави
14%
Тринидад и Тобаго
14%
Сао Томе и Принсипи
14%
Джибути
14%
Екваториална Гвинея
14%
Камбоджа
14%
Лихтенщайн
14%
Тайланд
14%
Хондурас
14%
Литва
14%
Боливия
14%
Еквадор
14%
Молдова
14%
Андора
14%
Португалия
14%
Мароко
14%
Черна гора
14%
Замбия
14%
ДР Конго
9%
Либия
9%
ЮАР
9%
Ямайка
9%
Антигуа и Барбуда
9%
Сейшели
9%
Бахами
9%
Гаяна
9%
Вануату
9%
Куба
9%
Люксембург
9%
Ботсвана
9%
Гвинея
9%
Румъния
9%
Колумбия
9%
Уганда
9%
Гватемала
9%
ЦАР
9%
Сейнт Китс и Невис
5%
Естония
5%
Сиера Леоне
5%
Бурунди
5%
Сенегал
5%
Бенин
5%
Того
5%
Гвинея Бисау
5%
Гана
5%
Суринам
5%
Доминика
5%
Гренада
5%
Мавриций
5%
Армения
5%
Чад
5%
Шри Ланка
5%
Монголия
5%
Нигерия
5%
Соломонови острови
5%
Лесото
5%
Сейнт Винсънт и Гренадини
5%
Латвия
5%
Фиджи
5%
Сейнт Лусия
5%
Гамбия
5%
No matching quizzes found
Score Distribution
Percent of People with Each Score
Percentile by Number Answered
Your Score History
You have not taken this quiz